Finding forester / (Record no. 108908)
[ view plain ]
| 000 -LEADER | |
|---|---|
| fixed length control field | 00357nam a2200145 a 4500 |
| 005 - DATE AND TIME OF LATEST TRANSACTION | |
| control field | 20140414093834.0 |
| 008 - FIXED-LENGTH DATA ELEMENTS--GENERAL INFORMATION | |
| fixed length control field | 030611s19uu xx 00 eng d |
| 050 ## - LIBRARY OF CONGRESS CALL NUMBER | |
| Classification number | VCD 971.93 |
| Item number | Fin 2000 |
| 100 ## - MAIN ENTRY--PERSONAL NAME | |
| Personal name | Conney, Sean |
| 245 ## - TITLE STATEMENT | |
| Title | Finding forester / |
| Statement of responsibility, etc | Sean Connery. |
| 440 ## - SERIES STATEMENT/ADDED ENTRY--TITLE | |
| Title | DICS 1 & 2 |
| 650 ## - SUBJECT ADDED ENTRY--TOPICAL TERM | |
| Topical term or geographic name as entry element | Motion picture. |
| 942 ## - ADDED ENTRY ELEMENTS (KOHA) | |
| Koha item type | Audio Visual Materials |
| Withdrawn status | Lost status | Damaged status | Home library | Current library | Shelving location | Date acquired | Source of acquisition | Total Checkouts | Total Renewals | Full call number | Barcode | Date last seen | Date checked out | Price effective from | Koha item type |
|---|---|---|---|---|---|---|---|---|---|---|---|---|---|---|---|
| Luxembourg Library | Luxembourg Library | Audio Visual Material Section | 06/11/2003 | 2 | 2 | VCD 971.93 Fin 2000 | AV0384 | 07/05/2016 | 07/01/2016 | 04/14/2014 | Audio Visual Materials |